Catalog

Record Details

Catalog Search



Available copies

  • 3 of 3 copies available at LARL/NWRL Consortium. (Show)
  • 1 of 1 copy available at Northwest Regional Library.

Current holds

0 current holds with 3 total copies.

Show Only Available Copies
Location Call Number / Copy Notes Barcode Shelving Location Status Due Date
Hallock Public Library ROS (Text) 35500006928848 New Available -

Record details

  • ISBN: 9780063467484
  • ISBN: 0063467488
  • Physical Description: viii, 306 pages ; 24 cm
  • Edition: First edition.
  • Publisher: New York, NY : Harper, an imprint of HarperCollins Publishers, [2026]

Content descriptions

Summary, etc.:
"Raised by a doomsday prepper and hardened by the ... Read More
Subject: Married women > Fiction.
Abusive men > Fiction.
Female friendship > Fiction.
Conspiracy > Fiction.
Murder > Fiction.
Man-woman relationships > Fiction.
Appalachian Trail > Fiction.
Maine > Fiction.
FICTION / Thrillers / Suspense.
FICTION / Women.
FICTION / Nature & the Environment.
Wives > Fiction.
Abusive men > Fiction.
Friendship > Fiction.
Conspiracy > Fiction.
Homicide > Fiction.
Man-woman relationship > Fiction.
Appalachian Trail > Fiction.
Maine > Fiction.
Genre: Psychological fiction.
Thrillers (Fiction)
Novels.
LDR 03514cam a2200721 i 4500
001470591
003LARL_NWRL_CONSORTIUM
00520260313164338.0
008251118t20262026nyu 000 1 eng d
010 . ‡a 2025948512
040 . ‡aIG# ‡beng ‡erda ‡cIG# ‡dOCLCO ‡dYDX ‡dBDX ‡dHQD ‡dHBP ‡dGO4 ‡dMWD ‡dIDW ‡dOCLCO ‡dIMT ‡dSDD
019 . ‡a1523251598 ‡a1530641527
020 . ‡a9780063467484 ‡q(hardcover)
020 . ‡a0063467488 ‡q(hardcover)
020 . ‡z9780063467514 ‡q(ebook)
035 . ‡a(OCoLC)1574482211 ‡z(OCoLC)1523251598 ‡z(OCoLC)1530641527
043 . ‡an-us-me ‡an-usa--
08204. ‡a813/.6 ‡223/eng/20240224
1001 . ‡aRosenfield, Kat, ‡eauthor. ‡1https://id.oclc.org/worldcat/entity/E39PBJyxdr6hVmbyr976gHwt8C
24510. ‡aHow to survive in the woods / ‡cKat Rosenfield.
250 . ‡aFirst edition.
264 1. ‡aNew York, NY : ‡bHarper, an imprint of HarperCollins Publishers, ‡c[2026]
264 4. ‡c©2026
300 . ‡aviii, 306 pages ; ‡c24 cm
336 . ‡atext ‡btxt ‡2rdacontent
337 . ‡aunmediated ‡bn ‡2rdamedia
338 . ‡avolume ‡bnc ‡2rdacarrier
520 . ‡a"Raised by a doomsday prepper and hardened by the startup world, Emma Sharp has learned how to endure--especially in her marriage to Logan Grant, a charismatic tyrant who keeps her under tight control. To Emma, her marriage is a cage: it keeps you in, but it also keeps you safe. Until it doesn't. When Emma forms an unexpected bond with Logan's former girlfriend, the two women form a plan to help Emma take her life back. Destination: the punishing final stretch of the Appalachian Trail known as the Hundred Mile Wilderness. After all, bad things happen in the woods all the time. As the three venture deeper into Maine's backcountry, desire and dread curdle into something unpredictable, dark, and deadly. Someone is lying. Someone is watching. And in the remote heart of the forest, someone is about to be lost . . . or found"-- ‡cProvided by publisher.
650 0. ‡aMarried women ‡vFiction. ‡0(LARL_NWRL_CONSORTIUM)166048
650 0. ‡aAbusive men ‡vFiction. ‡0(LARL_NWRL_CONSORTIUM)170360
650 0. ‡aFemale friendship ‡vFiction. ‡0(LARL_NWRL_CONSORTIUM)164947
650 0. ‡aConspiracy ‡vFiction. ‡0(LARL_NWRL_CONSORTIUM)171617
650 0. ‡aMurder ‡vFiction. ‡0(LARL_NWRL_CONSORTIUM)165989
650 0. ‡aMan-woman relationships ‡vFiction. ‡0(LARL_NWRL_CONSORTIUM)165985
651 0. ‡aAppalachian Trail ‡vFiction.
651 0. ‡aMaine ‡vFiction. ‡0(LARL_NWRL_CONSORTIUM)166017
650 7. ‡aFICTION / Thrillers / Suspense. ‡2bisacsh
650 7. ‡aFICTION / Women. ‡2bisacsh
650 7. ‡aFICTION / Nature & the Environment. ‡2bisacsh
650 7. ‡aWives ‡vFiction. ‡2sears
650 7. ‡aAbusive men ‡vFiction. ‡2sears ‡0(LARL_NWRL_CONSORTIUM)170360
650 7. ‡aFriendship ‡vFiction. ‡2sears ‡0(LARL_NWRL_CONSORTIUM)164944
650 7. ‡aConspiracy ‡vFiction. ‡2sears ‡0(LARL_NWRL_CONSORTIUM)171617
650 7. ‡aHomicide ‡vFiction. ‡2sears
650 7. ‡aMan-woman relationship ‡vFiction. ‡2sears
651 7. ‡aAppalachian Trail ‡vFiction. ‡2sears
651 7. ‡aMaine ‡vFiction. ‡2sears ‡0(LARL_NWRL_CONSORTIUM)166017
655 7. ‡aPsychological fiction. ‡2lcgft
655 7. ‡aThrillers (Fiction) ‡2lcgft
655 7. ‡aNovels. ‡2lcgft
901 . ‡a470591 ‡bOCoLC ‡c470591 ‡tbiblio ‡soclc

Additional Resources